[Event "WYb12"]
[Site "Heraklio GRE"]
[Date "2002.11.17"]
[Round "4"]
[White "Nguyen Ngoc Truongson"]
[Black "Cordova,Em"]
[Result "1-0"]
[WhiteElo "2274"]
[BlackElo "2170"]
[EventDate "2002.11.15"]

1. e4 c5 2. c3 d5 3. exd5 Qxd5 4. d4 Nc6 5. Nf3 Nf6 6. Be2 e6 7. O-O Be7 8.
Be3 cxd4 9. Nxd4 e5 10. c4 Qd7 11. Nb5 Qxd1 12. Rxd1 O-O 13. h3 Bf5 14.
N1c3 Rfd8 15. g4 Bg6 16. Bf3 a6 17. Nc7 Rac8 18. N7d5 Nxd5 19. Bxd5 Nb4 20.
Bxb7 Rb8 21. Rxd8+ Bxd8 22. Rd1 Nd3 23. Bxa6 Nxb2 24. Rd5 f6 25. Rb5 Rxb5
26. cxb5 Bd3 27. Bb7 Ba5 28. b6 Kf8 29. Bd5 Ba6 30. Ne4 Nc4 31. Bc5+ Ke8
32. Bxc4 Bxc4 33. Nd6+ Kd7 34. Nxc4 Bc3 35. Nd6 Ba5 36. b7 Bc7 37. Nb5 1-0

[Event "WYb12"]
[Site "Heraklio GRE"]
[Date "2002.11.17"]
[Round "4"]
[White "Kuzubov,Y"]
[Black "Berczes,D"]
[Result "1-0"]
[WhiteElo "2186"]
[BlackElo "2232"]
[EventDate "2002.11.15"]

1. d4 Nf6 2. c4 e6 3. Nc3 Bb4 4. e3 c5 5. Bd3 Nc6 6. Nf3 Bxc3+ 7. bxc3 d6
8. O-O e5 9. Nd2 O-O 10. d5 Ne7 11. Qc2 Ng6 12. h3 Qe7 13. Rb1 Re8 14. Bxg6
hxg6 15. e4 Nh5 16. Nf3 f6 17. g4 Nf4 18. Bxf4 exf4 19. Rfe1 Kf7 20. Kg2
Rh8 21. Qd3 g5 22. e5 fxe5 23. Rxe5 dxe5 24. d6 Qf6 25. d7 Rd8 26. Qd5+ Kf8
27. Nxe5 Bxd7 28. Nxd7+ Rxd7 29. Qxd7 b6 30. Rd1 Re8 31. Qd3 Kg8 32. Qf3
Qe7 33. Rd5 Kh8 34. h4 gxh4 35. Rh5+ Kg8 36. Qd5+ Qe6 37. Kf3 g6 38. Rxh4
Kg7 39. Qxe6 Rxe6 40. Kxf4 Re2 41. f3 Rxa2 42. Kg5 Rf2 43. f4 a5 44. Rh1 a4
45. Ra1 Rd2 46. Rxa4 Rd7 47. Ra1 Re7 48. Rd1 Re4 49. Rd6 Rxc4 50. Rxg6+ Kf7
51. Rxb6 Rxc3 52. f5 Rg3 53. Rb7+ Kg8 54. Rc7 1-0

[Event "WYb12"]
[Site "Heraklio GRE"]
[Date "2002.11.17"]
[Round "4"]
[White "Lakhey,S"]
[Black "Diamant,A"]
[Result "1/2-1/2"]
[WhiteElo "2007"]
[BlackElo "2159"]
[EventDate "2002.11.15"]

1. e4 c5 2. Nf3 Nc6 3. d3 g6 4. g3 Bg7 5. Bg2 d6 6. O-O Nf6 7. Nbd2 O-O 8.
c3 Rb8 9. a4 a6 10. d4 cxd4 11. Nxd4 d5 12. Nxc6 bxc6 13. exd5 cxd5 14. Nf3
Bg4 15. Qe2 a5 16. Bf4 Rb7 17. h3 Bxf3 18. Bxf3 Qb6 19. Rab1 Rc8 20. Be5
Qc6 21. b3 e6 22. c4 Rd7 23. Bxf6 Bxf6 24. cxd5 exd5 25. Rfd1 Rb8 26. Qd3
Qc3 27. Qxc3 Bxc3 28. Rxd5 Rxd5 29. Bxd5 Rd8 30. Rd1 Kg7 31. Kf1 Bb4 32.
Ke2 1/2-1/2

[Event "WYb12"]
[Site "Heraklio GRE"]
[Date "2002.11.18"]
[Round "5"]
[White "Nepomniachtchi,I"]
[Black "Howell,D"]
[Result "1-0"]
[WhiteElo "2344"]
[BlackElo "2224"]
[EventDate "2002.11.15"]

1. e4 e5 2. Nf3 Nc6 3. Bb5 a6 4. Bxc6 dxc6 5. Nc3 Bd6 6. d4 exd4 7. Qxd4 f6
8. Be3 Be6 9. O-O-O Ne7 10. Qd3 Ng6 11. Nd4 Ne5 12. Qe2 Bc4 13. Qh5+ Bf7
14. Qh3 Qd7 15. Nf5 g6 16. Nxd6+ cxd6 17. Qh4 g5 18. Qg3 O-O-O 19. Bb6 Rde8
20. b3 Bg6 21. f3 Nf7 22. h4 h6 23. Na4 Qe6 24. Bd4 Rhg8 25. Nb6+ Kc7 26.
h5 Bh7 27. Nc4 f5 28. Bb6+ Kb8 29. Qh2 f4 30. Rhe1 Rc8 31. g4 c5 32. Qd2
Rc6 33. Ba5 Ka7 34. Bc3 b5 35. Na5 Rb6 36. Qd5 Re8 37. Nc6+ Ka8 38. Ne7+
Qxd5 39. Nxd5 Rb7 40. Nf6 Rh8 41. Rd5 Re7 42. a3 Kb8 43. Red1 Kc7 44. b4 c4
45. Kb2 Kc6 46. a4 Re6 47. axb5+ axb5 48. Ra1 Kb7 49. Rxb5+ Kc6 50. Rd5 Kb7
51. Bd4 Ne5 52. Ra7+ Kb8 53. Rb5+ Kc8 54. Ra8+ Kc7 55. Nd5+ Kc6 56. Rb6+
Kd7 57. Ra7+ Kc8 58. Rc7+ 1-0

[Event "WYb12"]
[Site "Heraklio GRE"]
[Date "2002.11.18"]
[Round "5"]
[White "Baldauf,Marc"]
[Black "Kuzubov,Y"]
[Result "0-1"]
[WhiteElo "2113"]
[BlackElo "2186"]
[EventDate "2002.11.15"]

1. e4 c5 2. Nf3 Nc6 3. d4 cxd4 4. Nxd4 g6 5. c4 Nf6 6. Nc3 Nxd4 7. Qxd4 d6
8. f3 Bg7 9. Be3 O-O 10. Qd2 Be6 11. Be2 Rc8 12. Nd5 Bxd5 13. exd5 Nd7 14.
O-O a5 15. Bd4 Bxd4+ 16. Qxd4 Qb6 17. Qxb6 Nxb6 18. Rac1 Nd7 19. Rfe1 Nc5
20. Kf2 Kg7 21. Bf1 Rc7 22. Rc3 Kf6 23. g3 g5 24. Rce3 h6 25. b3 e6 26.
dxe6 fxe6 27. a3 e5 28. Bh3 Kg7 29. Ke2 a4 30. b4 Nb3 31. Kd3 Nd4 32. Rf1
b5 33. Rc1 d5 34. c5 Nxf3 35. Be6 e4+ 0-1

[Event "WYb12"]
[Site "Heraklio GRE"]
[Date "2002.11.18"]
[Round "5"]
[White "Khairullin,I"]
[Black "Diamant,A"]
[Result "1/2-1/2"]
[WhiteElo "2339"]
[BlackElo "2159"]
[EventDate "2002.11.15"]

1. d4 Nf6 2. c4 g6 3. Nc3 Bg7 4. Nf3 d6 5. e3 O-O 6. Be2 c6 7. O-O Re8 8.
b4 Nbd7 9. a4 e5 10. Ba3 e4 11. Nd2 Nf8 12. b5 h5 13. Qc2 Bf5 14. a5 a6 15.
bxc6 bxc6 16. Rab1 Qc7 17. Qa4 N8d7 18. c5 d5 19. h3 Bh6 20. Kh1 Kg7 21.
Rfc1 Rh8 22. Na2 Rh7 23. Rb6 Nb8 24. Nb4 Bd7 25. Nf1 Qc8 26. Kh2 Rh8 27.
Bb2 Bg5 28. Bc3 Ne8 29. Be1 h4 30. Qa2 Nc7 31. Bc3 f5 32. f3 Rf8 33. Kg1
Re8 34. Qd2 Rf8 35. Qe1 Ne6 36. fxe4 fxe4 37. Bg4 Nd8 38. Bd1 Qc7 39. Nc2
Bc8 40. Nh2 Nd7 41. Rb2 Nf6 42. Rcb1 Ra7 43. Nb4 Ng8 44. Nf1 Ne7 45. Na2
Qd7 1/2-1/2

[Event "WYb12"]
[Site "Heraklio GRE"]
[Date "2002.11.18"]
[Round "5"]
[White "Susilodinata,A"]
[Black "Lintchevski,D"]
[Result "1/2-1/2"]
[WhiteElo "2242"]
[BlackElo "2087"]
[EventDate "2002.11.15"]

1. e4 c5 2. Nf3 Nc6 3. d4 cxd4 4. Nxd4 Nf6 5. Nc3 d6 6. Bc4 e6 7. O-O Be7
8. Be3 O-O 9. Bb3 Na5 10. f4 b6 11. e5 dxe5 12. fxe5 Ne8 13. Qh5 g6 14. Qh6
Qc7 15. Bf4 Bc5 16. Nce2 Nxb3 17. axb3 Bb7 18. Kh1 Ng7 19. Bg5 Rfe8 20. Bf6
Bf8 21. Qh4 Nh5 22. c3 Nxf6 23. exf6 e5 24. Nf3 Qc6 25. Ra4 Qd5 26. Ng3
Qxb3 27. Ng5 h6 28. Rg4 hxg5 29. Rxg5 Qc2 30. Nf5 Qd3 31. Rg1 Re6 32. Rh5
gxh5 33. Qg5+ Kh8 34. Qxh5+ Kg8 35. Qg5+ Kh8 36. Qh5+ 1/2-1/2

[Event "WYb12"]
[Site "Heraklio GRE"]
[Date "2002.11.18"]
[Round "5"]
[White "Saric,Iv"]
[Black "Tomczak,J"]
[Result "1-0"]
[WhiteElo "2010"]
[BlackElo "2173"]
[EventDate "2002.11.15"]

1. e4 d5 2. exd5 Nf6 3. Bb5+ Bd7 4. Be2 Nxd5 5. d4 Nb6 6. Be3 Nd5 7. Nf3
Nxe3 8. fxe3 g6 9. O-O Bg7 10. c4 c5 11. Nc3 O-O 12. Qb3 Qc8 13. Rad1 cxd4
14. exd4 Nc6 15. c5 Bg4 16. Qc4 e6 17. Ne4 Ne7 18. Nd6 Qc7 19. h3 Bxf3 20.
Bxf3 Rab8 21. Bg4 Nd5 22. Rde1 h5 23. Rxf7 Rxf7 24. Bxe6 Nf4 25. Bxf7+ Kh7
26. Re4 g5 27. Rxf4 gxf4 28. Qd5 Bh6 29. Qf5+ Kh8 30. Qg6 1-0

[Event "WYb12"]
[Site "Heraklio GRE"]
[Date "2002.11.19"]
[Round "6"]
[White "Kuzubov,Y"]
[Black "Nepomniachtchi,I"]
[Result "1-0"]
[WhiteElo "2186"]
[BlackElo "2344"]
[EventDate "2002.11.15"]

1. d4 Nf6 2. c4 c5 3. d5 b5 4. cxb5 a6 5. b6 e6 6. Nc3 Nxd5 7. Nxd5 exd5 8.
Qxd5 Nc6 9. Nf3 Rb8 10. e4 Be7 11. Bc4 O-O 12. O-O Rxb6 13. Qh5 d6 14. Ng5
Bxg5 15. Bxg5 Qe8 16. b3 Be6 17. Bxe6 Qxe6 18. Rfe1 Nb4 19. Qe2 Re8 20. Qd2
Nc6 21. Rad1 Qg6 22. Be3 Ne5 23. Kh1 f6 24. f3 Qf7 25. Qc3 Qe6 26. Bf4 Nf7
27. Rd5 Rc8 28. Red1 Rcc6 29. h3 Qc8 30. Be3 Qb8 31. f4 Qe8 32. e5 fxe5 33.
fxe5 dxe5 34. Bxc5 Rb8 35. b4 Re6 36. Rf1 Rd8 37. Rxd8 Qxd8 38. Qb3 Qe8 39.
a4 e4 40. Re1 h6 41. Bd4 Nd6 42. Qd5 Kh7 43. Bc5 Nf7 44. Re3 Re5 45. Qc4
Qe6 46. Qe2 Qc6 47. Bd4 Re6 48. Qg4 Qc1+ 49. Kh2 Qc7+ 50. Rg3 Ng5 51. h4
Qd6 52. hxg5 hxg5 53. Be3 Rh6+ 54. Kg1 Qe5 55. Rh3 Qa1+ 56. Kh2 Qe5+ 57.
Qg3 Rxh3+ 58. Kxh3 Qe6+ 59. Kh2 g4 60. Qh4+ Kg8 1-0

[Event "WYb12"]
[Site "Heraklio GRE"]
[Date "2002.11.19"]
[Round "6"]
[White "Nguyen Ngoc Truongson"]
[Black "Berczes,D"]
[Result "0-1"]
[WhiteElo "2274"]
[BlackElo "2232"]
[EventDate "2002.11.15"]

1. d4 Nf6 2. Nf3 e6 3. e3 c5 4. Bd3 b6 5. O-O Bb7 6. Nbd2 d6 7. b3 Nbd7 8.
Bb2 Be7 9. Qe2 O-O 10. c4 Qc7 11. Rad1 Rad8 12. Bb1 Qb8 13. e4 cxd4 14.
Nxd4 Rfe8 15. f4 Bf8 16. N4f3 e5 17. f5 a5 18. Ng5 Ba6 19. Nh3 b5 20. Bc3
a4 21. g4 bxc4 22. bxc4 d5 23. g5 Nxe4 24. Nxe4 dxe4 25. Bxe4 Nb6 26. Rxd8
Rxd8 27. g6 fxg6 28. fxg6 h6 29. Bd3 Qd6 30. Bxe5 Qc5+ 31. Rf2 Re8 32. Qf3
Rd8 33. Qf7+ Kh8 34. Qc7 Rc8 35. Qf7 Nxc4 36. Bc3 Nd6 37. Qf3 Bb7 38. Qf4
Kg8 39. Bb4 Qd5 40. Bc4 Qxc4 41. Bxd6 Bxd6 42. Qxd6 Qe4 43. Rd2 Qe1+ 0-1

[Event "WYb12"]
[Site "Heraklio GRE"]
[Date "2002.11.19"]
[Round "6"]
[White "Lintchevski,D"]
[Black "Khairullin,I"]
[Result "1/2-1/2"]
[WhiteElo "2087"]
[BlackElo "2339"]
[EventDate "2002.11.15"]

1. e4 c5 2. Nf3 Nf6 3. e5 Nd5 4. Nc3 Nxc3 5. dxc3 Nc6 6. Bf4 Qc7 7. Qe2 e6
8. O-O-O b6 9. Kb1 Bb7 10. Nd2 h6 11. h4 O-O-O 12. Nc4 Kb8 13. Qg4 g6 14.
Be2 Ba6 15. Nd6 Bxe2 16. Qxe2 Bxd6 17. Rxd6 Ne7 18. g4 Nd5 19. Qd2 g5 20.
Bg3 c4 21. hxg5 hxg5 22. Rd1 Rhg8 23. Rxd5 exd5 24. Qxd5 Qc6 25. e6+ Kb7
26. exf7 Qxd5 27. Rxd5 Rg7 28. b3 Kc8 29. Re5 Rxf7 30. Rxg5 Rf3 31. Kb2 d5
32. Rg7 Rd7 33. Rg8+ Rd8 34. Rg7 Rd7 35. Rg8+ Rd8 36. Rxd8+ Kxd8 37. g5 Ke7
38. Bb8 Kd7 39. a4 cxb3 40. Kxb3 Rxf2 41. Bxa7 Rg2 42. Bxb6 Rxg5 43. a5
1/2-1/2

[Event "WYb12"]
[Site "Heraklio GRE"]
[Date "2002.11.19"]
[Round "6"]
[White "Spoelman,W"]
[Black "Baldauf,Marc"]
[Result "1/2-1/2"]
[WhiteElo "2206"]
[BlackElo "2113"]
[EventDate "2002.11.15"]

1. e4 c5 2. Nf3 e6 3. d4 cxd4 4. Nxd4 Qb6 5. Nc3 Bc5 6. Na4 Qa5+ 7. c3 Bxd4
8. Qxd4 Nf6 9. Nc5 Nc6 10. Qd6 b6 11. Nb3 Nxe4 12. Qxc6 dxc6 13. Nxa5 bxa5
14. Be3 O-O 15. O-O-O e5 16. f3 Nf6 17. Bc5 Re8 18. Rd6 e4 19. Bc4 Be6 20.
Bxe6 Rxe6 21. Rxe6 fxe6 22. f4 Kf7 23. Re1 Kg6 1/2-1/2

[Event "WYb12"]
[Site "Heraklio GRE"]
[Date "2002.11.19"]
[Round "6"]
[White "Recuero Guerra,D"]
[Black "Duskuzhanov,D"]
[Result "1-0"]
[WhiteElo "2082"]
[BlackElo "2181"]
[EventDate "2002.11.15"]

1. e4 e5 2. Nf3 Nf6 3. d4 Nxe4 4. Bd3 Nc6 5. Nxe5 Nxe5 6. Bxe4 Ng6 7. c4
Be7 8. Nc3 O-O 9. Be3 Re8 10. Qc2 Bb4 11. O-O Bxc3 12. bxc3 d6 13. Rae1 c6
14. f4 d5 15. cxd5 cxd5 16. Bd3 Qf6 17. f5 Ne7 18. g4 Qh4 19. Qg2 Bd7 20.
Bf2 Qg5 21. h4 Qd2 22. Qf3 f6 23. Re2 Qxc3 24. Rfe1 Bb5 25. Re3 Bxd3 26.
Rxd3 Qa5 27. Rde3 Qc7 28. g5 fxg5 29. f6 gxf6 30. Qxf6 Qf4 31. Qxf4 gxf4
32. Rxe7 Rxe7 33. Rxe7 Rd8 34. Rxb7 a6 35. Kg2 Rd6 36. Kf3 h5 37. Kxf4 Rf6+
38. Ke3 Re6+ 39. Kd3 Rf6 40. Ke2 Re6+ 41. Kf1 Rf6 42. a4 Rc6 43. a5 Rc1+
44. Be1 Rc4 45. Rb4 Rc1 46. Rb6 Rd1 47. Rxa6 Rxd4 48. Rh6 Rf4+ 49. Bf2 Ra4
50. a6 d4 51. Rd6 d3 52. a7 Ra1+ 53. Kg2 1-0

[Event "WYb12"]
[Site "Heraklio GRE"]
[Date "2002.11.21"]
[Round "7"]
[White "Andreikin,D"]
[Black "Howell,D"]
[Result "0-1"]
[WhiteElo "2332"]
[BlackElo "2224"]
[EventDate "2002.11.15"]

1. e4 e5 2. Nf3 Nc6 3. Bb5 a6 4. Ba4 Nf6 5. O-O Be7 6. Bxc6 dxc6 7. d3 Nd7
8. Nbd2 O-O 9. Nc4 Bf6 10. h3 Re8 11. b4 Be7 12. Rb1 Bd6 13. Nh2 Nf8 14. f4
exf4 15. Nxd6 cxd6 16. Bxf4 d5 17. e5 d4 18. Qh5 Ng6 19. Bg3 Be6 20. a3 Qd5
21. Qe2 a5 22. Nf3 axb4 23. axb4 b6 24. Nd2 Ra2 25. Nc4 Qd8 26. Nd6 Re7 27.
Qf2 Bd5 28. Nf5 Re8 29. Nxd4 Nxe5 30. Bxe5 Rxe5 31. Nxc6 Qc7 32. Nxe5 Rxc2
33. Nf3 Rxf2 34. Rxf2 Qc3 35. d4 g6 36. b5 Kg7 37. Kh1 Be4 38. Rbf1 f5 39.
Kh2 Kf6 40. Kh1 Ke7 41. Ng5 Bd5 42. Kh2 Qe3 43. Nf3 Kd6 44. Kg1 Bxf3 45.
gxf3 Qxd4 46. Rc1 Ke5 47. Kg2 Kf4 48. Rfc2 Qd5 49. Rc4+ Kg5 50. R4c2 Qxb5
51. Rf2 Kh4 52. Rc7 h6 53. Rh7 h5 54. Re7 Qd5 55. Ree2 Qd6 56. f4 Qd3 57.
Kg1 Kxh3 58. Rg2 Qd1+ 59. Kf2 Qd4+ 60. Ke1 Qb4+ 61. Kd1 Qb3+ 62. Ke1 Qc3+
63. Kd1 Qa1+ 64. Kd2 Qd4+ 65. Kc2 Qxf4 66. Rxg6 h4 67. Kd3 Qf1 68. Kd2 f4
69. Re1 Qf2+ 70. Kd1 Qd4+ 71. Kc1 Qc3+ 72. Kd1 Qd3+ 73. Kc1 0-1

[Event "WYb12"]
[Site "Heraklio GRE"]
[Date "2002.11.21"]
[Round "7"]
[White "Khairullin,I"]
[Black "Saric,Iv"]
[Result "1-0"]
[WhiteElo "2339"]
[BlackElo "2010"]
[EventDate "2002.11.15"]

1. e4 e5 2. Nf3 Nc6 3. Bb5 a6 4. Ba4 Nf6 5. O-O Be7 6. Re1 b5 7. Bb3 O-O 8.
d4 d6 9. c3 Bg4 10. g3 Bxf3 11. Qxf3 exd4 12. Qd1 dxc3 13. Nxc3 Na5 14. Bc2
c5 15. f4 Nc4 16. Qf3 Re8 17. b3 Nb6 18. Bb2 Bf8 19. e5 dxe5 20. fxe5 Nfd7
21. Rad1 Qc7 22. Ne4 h6 23. Qf5 g6 24. Rxd7 Nxd7 25. Qxd7 Qxd7 26. Nf6+ Kh8
27. Nxd7 Re6 28. Be4 Rd8 29. Nxf8 Rxf8 30. Bd5 1-0

[Event "WYb12"]
[Site "Heraklio GRE"]
[Date "2002.11.21"]
[Round "8"]
[White "Howell,D"]
[Black "Nguyen Ngoc Truongson"]
[Result "0-1"]
[WhiteElo "2224"]
[BlackElo "2274"]
[EventDate "2002.11.15"]

1. e4 c6 2. d4 d5 3. exd5 cxd5 4. c4 Nf6 5. Nc3 e6 6. Nf3 Be7 7. Bd3 O-O 8.
O-O Nc6 9. Bg5 Nb4 10. Be2 dxc4 11. Bxc4 a6 12. a3 Nc6 13. Qd3 b5 14. Ba2
Bb7 15. Rad1 Rc8 16. Rfe1 b4 17. Bb1 g6 18. axb4 Nxb4 19. Qe2 Nbd5 20. Rc1
Nb6 21. Rcd1 a5 22. Ne5 Qd6 23. h4 Kg7 24. Qd2 Ng8 25. Bf4 Qd8 26. h5 Nd5
27. Bg3 Bb4 28. Rc1 Nh6 29. f3 Nf5 30. Bf2 a4 31. Bxf5 exf5 32. Nd3 Ba5 33.
Nc5 Bc6 34. Ra1 Bb4 35. Nd3 Ba5 36. Nc5 Qd6 37. Rec1 Bc7 38. Nxd5 Qh2+ 39.
Kf1 Bxd5 40. Rxa4 Rfe8 41. h6+ Kh8 42. Qg5 Bd8 43. Qd2 Qh1+ 44. Bg1 Bc6 45.
Rb4 Bd5 46. Qf4 Qh5 47. Be3 Qh1+ 48. Bg1 Qh5 49. Qh2 Qg5 50. Rd1 Bc7 51.
Qh3 Qe7 52. Ne4 Qxb4 53. Qh4 Qe7 54. Qxe7 Rxe7 55. Nc3 Bc4+ 56. Kf2 Rb8 57.
Rb1 Bd3 0-1

[Event "WYb12"]
[Site "Heraklio GRE"]
[Date "2002.11.23"]
[Round "10"]
[White "Berczes,D"]
[Black "Nepomniachtchi,I"]
[Result "1/2-1/2"]
[WhiteElo "2232"]
[BlackElo "2344"]
[EventDate "2002.11.15"]

1. d4 Nf6 2. c4 g6 3. Nc3 d5 4. Bf4 Bg7 5. e3 O-O 6. cxd5 Nxd5 7. Nxd5 Qxd5
8. Bxc7 Na6 9. Bxa6 Qxg2 10. Qf3 Qxf3 11. Nxf3 bxa6 12. Rc1 Be6 13. a3 Rfc8
14. O-O Bd5 15. Nd2 f5 16. Rc5 e6 17. Rfc1 g5 18. Kf1 Kf7 19. Nc4 Kg6 20.
Ke2 Kh5 21. Nd2 h6 22. Kd3 g4 23. Nf1 Kg6 24. Ng3 h5 25. Ne2 Kf7 26. Nf4
Be4+ 27. Kd2 h4 28. Bd6 Rxc5 29. Rxc5 Re8 30. Rc7+ Kg8 31. Rxa7 Rc8 32.
Nxe6 Rc2+ 33. Kd1 Bf6 34. Ra8+ Kf7 35. Nf4 Bg7 36. Ra7+ Kg8 37. Nh5 Bh8 38.
Ra8+ Kh7 39. Ra7+ Kg8 40. Ra8+ Kh7 41. Ra7+ Kg8 1/2-1/2

[Event "WYb12"]
[Site "Heraklio GRE"]
[Date "2002.11.23"]
[Round "10"]
[White "Howell,D"]
[Black "Susilodinata,A"]
[Result "1-0"]
[WhiteElo "2224"]
[BlackElo "2242"]
[EventDate "2002.11.15"]

1. e4 e6 2. d4 d5 3. e5 c5 4. c3 Qb6 5. Nf3 Nc6 6. Be2 Bd7 7. O-O cxd4 8.
cxd4 Nge7 9. Na3 Nf5 10. Nc2 Be7 11. Bd3 Nh4 12. Nxh4 Bxh4 13. Qg4 Be7 14.
Qxg7 O-O-O 15. Qxf7 h5 16. Qf4 Rhg8 17. Qe3 Rg7 18. Kh1 Rdg8 19. Rg1 h4 20.
b3 Bg5 21. f4 Be7 22. Bd2 Kb8 23. g3 Qd8 24. gxh4 Bxh4 25. Rxg7 Rxg7 26.
Rg1 Rf7 27. f5 Qh8 28. f6 a6 29. Qf4 Ka7 30. Rg4 Bxf6 31. exf6 Rxf6 32. Qg3
Rf8 33. Rh4 Qf6 34. Bg5 Qf3+ 35. Qxf3 Rxf3 36. Bg6 e5 37. dxe5 Nxe5 38.
Be3+ Rxe3 39. Nxe3 Nxg6 40. Rd4 Bc6 41. Kg1 Kb6 42. b4 Ne7 43. h4 Kc7 44.
h5 Kd6 45. h6 Ng6 46. h7 Bd7 47. Rxd5+ Ke6 48. Rg5 Nh4 49. Kf2 Kf6 50. Rg8
Ng6 51. Rxg6+ Kxg6 1-0

[Event "WYb12"]
[Site "Heraklio GRE"]
[Date "2002.11.23"]
[Round "10"]
[White "Brzeski,M"]
[Black "Mingachev,M"]
[Result "0-1"]
[WhiteElo "2149"]
[BlackElo "2207"]
[EventDate "2002.11.15"]

1. e4 e5 2. Nf3 Nf6 3. d4 Nxe4 4. Bd3 d5 5. Nxe5 Be7 6. O-O O-O 7. Nd2 Bf5
8. Re1 Nd6 9. Bxf5 Nxf5 10. Ndf3 f6 11. Nd3 Nc6 12. Nf4 Qd7 13. Ne6 Rfe8
14. Qd3 Bb4 15. Re2 Rxe6 16. Qxf5 Nxd4 17. Nxd4 Rxe2 18. g4 Qxf5 19. gxf5
Re1+ 20. Kg2 Bd2 0-1

[Event "WYb12"]
[Site "Heraklio GRE"]
[Date "2002.11.24"]
[Round "11"]
[White "Nepomniachtchi,I"]
[Black "Susilodinata,A"]
[Result "1-0"]
[WhiteElo "2344"]
[BlackElo "2242"]
[EventDate "2002.11.15"]

1. e4 c6 2. Nc3 d5 3. Nf3 Bg4 4. h3 Bxf3 5. Qxf3 e6 6. d4 dxe4 7. Nxe4 Qxd4
8. c3 Qd5 9. Be3 Nd7 10. Rd1 Qf5 11. Qxf5 exf5 12. Ng5 Ngf6 13. Bc4 Ne5 14.
Bb3 h6 15. f4 hxg5 16. fxe5 Ne4 17. e6 fxe6 18. Bxe6 f4 19. Bd4 Ng3 20. Rg1
Rh6 21. Bb3 Nf5 22. Kf2 O-O-O 23. Bxa7 c5 24. Rxd8+ Kxd8 25. Rd1+ Kc8 26.
Rd5 Ne7 27. Rxc5+ Nc6 28. Rf5 Rf6 29. Rxf6 gxf6 30. Bb6 Kd7 31. Bd5 f5 32.
Bf3 Bg7 33. Ke2 Kd6 34. a4 Bf6 35. Kd1 Ne5 36. Bd4 b6 37. Ke2 Bd8 38. Bxe5+
Kxe5 39. Kd3 Kd6 40. Kc4 Bf6 41. Kb5 Kc7 42. a5 bxa5 43. Kxa5 Bg7 44. Kb5
Kd6 45. Kc4 Bf6 46. b4 Be7 47. Kb5 Kc7 48. c4 Bf8 49. c5 Bg7 50. Kc4 Bb2
51. b5 Bg7 52. b6+ Kd7 53. c6+ Kd6 54. c7 Kd7 55. Bb7 1-0

[Event "WYb12"]
[Site "Heraklio GRE"]
[Date "2002.11.24"]
[Round "11"]
[White "Andreikin,D"]
[Black "Berczes,D"]
[Result "1-0"]
[WhiteElo "2332"]
[BlackElo "2232"]
[EventDate "2002.11.15"]

1. e4 c5 2. Nf3 d6 3. d4 cxd4 4. Nxd4 Nf6 5. Nc3 a6 6. Bc4 e6 7. a4 Qc7 8.
Ba2 b6 9. O-O Bb7 10. Qe2 Nbd7 11. Bg5 Qc5 12. Bxf6 Nxf6 13. Rad1 Qh5 14.
Qxh5 Nxh5 15. f4 Nf6 16. f5 e5 17. Nf3 Rc8 18. Nd2 b5 19. axb5 axb5 20.
Nxb5 Rxc2 21. Bb3 Rxb2 22. Ba4 Bc6 23. Nc7+ Kd7 24. Bxc6+ Kxc6 25. Rc1+ Kd7
26. Na8 d5 27. Rc7+ Kd8 28. Nc4 Rb8 29. Nxe5 Rxa8 30. Rfc1 Ba3 31. Nxf7+
Ke8 32. R1c6 Rg8 33. Re6+ Kf8 34. Ng5 Be7 35. Rexe7 Ra1+ 36. Kf2 Nxe4+ 37.
Rxe4 dxe4 38. Rc8+ Ke7 39. Rxg8 Ra2+ 40. Kg3 e3 41. Nxh7 e2 42. Rxg7+ 1-0

[Event "WYb12"]
[Site "Heraklio GRE"]
[Date "2002.11.24"]
[Round "11"]
[White "Khairullin,I"]
[Black "Kuzubov,Y"]
[Result "1-0"]
[WhiteElo "2339"]
[BlackElo "2186"]
[EventDate "2002.11.15"]

1. Nf3 Nf6 2. c4 e6 3. Nc3 d5 4. d4 Bb4 5. e3 O-O 6. Bd3 c5 7. O-O Nc6 8.
a3 Bxc3 9. bxc3 dxc4 10. Bxc4 Qc7 11. Qe2 e5 12. d5 e4 13. Nd2 Ne5 14. Ba2
c4 15. Nxc4 Nxd5 16. Nxe5 Qxe5 17. Bb2 Qg5 18. h4 Qf5 19. c4 Nf6 20. Qc2
Ng4 21. Rad1 Be6 22. Bd4 Qh5 23. g3 Qg6 24. c5 Bxa2 25. Qxa2 Nh6 26. Qd5
Rae8 27. Qg5 Nf5 28. Qxg6 hxg6 29. Rb1 Re7 30. Rb4 Rd8 31. Rfb1 b6 32. cxb6
Nxd4 33. Rxd4 Rxd4 34. exd4 axb6 35. Rxb6 Ra7 36. Rb3 Kf8 37. Re3 f5 38. f3
Ra4 39. fxe4 fxe4 40. Rxe4 Rxa3 41. Kg2 Rd3 42. Kh3 Kf7 43. Kg4 Kf6 44.
Rf4+ Ke6 45. Kg5 Rxg3+ 46. Rg4 Ra3 47. Kxg6 Ra7 48. h5 Rd7 49. Rf4 Ra7 50.
Rf5 Rb7 51. d5+ Kd6 52. Rg5 Rc7 53. Kh7 Re7 54. Rxg7 Re5 55. h6 Rxd5 56.
Kg6 Rd1 57. h7 Rg1+ 58. Kf7 1-0

[Event "WYb12"]
[Site "Heraklio GRE"]
[Date "2002.11.24"]
[Round "11"]
[White "Bindrich,F"]
[Black "Recuero Guerra,D"]
[Result "1/2-1/2"]
[WhiteElo "2172"]
[BlackElo "2082"]
[EventDate "2002.11.15"]

1. e4 e5 2. Nf3 Nc6 3. Bb5 a6 4. Bxc6 dxc6 5. O-O Bg4 6. h3 h5 7. d3 Qf6 8.
Nbd2 Bc5 9. Nc4 Bxf3 10. Qxf3 Qxf3 11. gxf3 Bd6 12. f4 exf4 13. e5 Bc5 14.
Bxf4 Ne7 15. c3 Nd5 16. Bd2 Kd7 17. d4 Be7 18. f4 f5 19. Kg2 g6 20. Rg1
Rhg8 21. Kf3 c5 22. dxc5 Bxc5 23. Ne3 Bxe3 24. Bxe3 Rae8 25. Rad1 Kc6 26.
Bd4 Re6 27. Rg5 Ne7 28. Be3 b6 29. c4 Kb7 30. b3 Kc8 31. Bc1 Rd8 32. Rxd8+
Kxd8 33. Rg1 c5 34. Bb2 Nc6 35. Rd1+ Kc7 36. Kg3 Nd8 37. Kh4 Nf7 38. Rd5
Rc6 39. Rd1 Nd8 40. Kg3 Re6 41. Kf3 Nf7 42. Rg1 Rc6 43. Ke3 Nd8 44. Bc3 Re6
45. Be1 Nc6 46. Bh4 Nb8 47. Bf6 Nd7 48. Rxg6 Nxf6 49. Kf3 Kd8 50. exf6 Ke8
51. Rh6 Kf7 52. Rxh5 Kxf6 53. Rh6+ Kf7 54. Rxe6 Kxe6 55. a3 Kf6 56. h4 Kg6
57. Kg3 Kh5 1/2-1/2

[Event "WYg18"]
[Site "Heraklio GRE"]
[Date "2002.11.15"]
[Round "1"]
[White "Pogonina,N"]
[Black "Levina,A"]
[Result "1-0"]
[WhiteElo "2397"]
[BlackElo "2108"]
[EventDate "2002.11.15"]

1. e4 d5 2. exd5 Nf6 3. d4 Nxd5 4. Nf3 g6 5. c4 Nb6 6. Nc3 Bg7 7. c5 Nd5 8.
Bc4 c6 9. O-O O-O 10. Re1 Be6 11. Qb3 b6 12. cxb6 axb6 13. Bg5 Re8 14. Rac1
Nc7 15. Bxe6 Nxe6 16. Rxe6 fxe6 17. Qxe6+ Kh8 18. Ne5 Rf8 19. Nf7+ Rxf7 20.
Qxf7 Na6 21. Rd1 Nb4 22. a3 Nd5 23. Nxd5 cxd5 24. h4 Qc8 25. Qxd5 e6 26.
Qe4 Ra5 27. Rc1 Qd7 28. Be3 Rd5 29. Qc2 Bxd4 30. Qc8+ Qxc8 31. Rxc8+ Kg7
32. Bxd4+ Rxd4 33. Rc6 b5 34. Rb6 Rd5 35. Rb7+ Kg8 36. g3 e5 37. Kf1 Rc5
38. b4 Rc3 39. Rxb5 Rxa3 40. Rxe5 Rb3 41. Rb5 Rb2 42. Rb7 h6 43. Kg2 Rb3
44. g4 Rb2 45. Kg3 Rb3+ 46. f3 Rb1 1-0

[Event "WYg18"]
[Site "Heraklio GRE"]
[Date "2002.11.15"]
[Round "1"]
[White "Khasanova,E"]
[Black "Shtereva,S"]
[Result "1-0"]
[WhiteElo "2033"]
[BlackElo "2077"]
[EventDate "2002.11.15"]

1. d4 c5 2. d5 e5 3. c4 d6 4. Nc3 g6 5. e4 Bg7 6. Bd3 Ne7 7. g4 O-O 8. h4
f5 9. gxf5 gxf5 10. exf5 Bxf5 11. Ne4 Ng6 12. Qc2 Na6 13. a3 Qa5+ 14. Bd2
Nb4 15. Bxb4 cxb4 16. Ne2 bxa3+ 17. N2c3 Nf4 18. Nf6+ Bxf6 19. Bxf5 e4 20.
Bxe4 Rae8 21. Rxa3 Bxc3+ 22. Kd1 Qc5 23. Rxc3 Qd4+ 24. Bd3 Re2 25. Qb3 Rxf2
26. Kc1 Nxd3+ 27. Rxd3 Rf1+ 28. Rxf1 Rxf1+ 29. Kc2 Rf2+ 30. Kc1 Rf1+ 31.
Kc2 Qf2+ 32. Rd2 Qe1 33. Qd3 Qb1+ 34. Kc3 Qc1+ 35. Kb3 Rg1 36. Qe3 Rg6 37.
h5 Rg1 38. Rg2+ 1-0

[Event "WYg18"]
[Site "Heraklio GRE"]
[Date "2002.11.15"]
[Round "1"]
[White "Charbonneau,A"]
[Black "Khukhashvili,S"]
[Result "0-1"]
[WhiteElo "2063"]
[BlackElo "2324"]
[EventDate "2002.11.15"]

1. d4 Nf6 2. c4 e6 3. Nc3 Bb4 4. Qc2 O-O 5. a3 Bxc3+ 6. Qxc3 Ne4 7. Qc2 f5
8. g3 b6 9. Bg2 Bb7 10. f3 Nf6 11. e3 c5 12. Ne2 Na6 13. Bd2 Qe7 14. O-O
Rac8 15. dxc5 Qxc5 16. Rac1 d5 17. Nd4 Qe7 18. Qa4 Nd7 19. cxd5 Ndc5 20.
Qd1 Bxd5 21. Bb4 Qd7 22. Bxc5 Nxc5 23. b4 Na4 24. Qd2 Bc4 25. Rfd1 Rfd8 26.
f4 b5 27. h3 Nb6 28. Qe1 Bd5 29. Bxd5 exd5 30. Rd3 Nc4 31. Rdc3 Re8 32. Kf2
Re7 33. R1c2 Rce8 34. Re2 a6 35. Qc1 Re4 36. Qc2 Qf7 37. Qc1 Qh5 38. Qf1 h6
39. Rd3 Qf7 40. h4 R4e7 41. Qh3 Nd6 42. Rc2 Rc7 43. Ke1 Rxc2 44. Nxc2 Qc7
45. Kd1 Qc4 46. Rd4 Qb3 47. Kc1 Rc8 48. Qg2 Ne4 49. Rxe4 dxe4 50. Qd2 Qxa3+
51. Kb1 Qd3 52. Qc1 Qb3+ 53. Ka1 0-1